عرض عادي
عرض مارك
- Great Britain
مدخل إسم جغرافي
001 - رقم الضبط
- حقل الضبط: 9963
003 - معرف رقم الضبط
- حقل الضبط: OSt
005 - تاريخ ووقت أخر عملية
- حقل الضبط: 20120401213051.0
008 - عناصر بيانات ثابتة الطول
- حقل تحكم ثابت الطول: 120401|||a|||||| | ||| d
040 ## - مصدر الفهرسة
- هيئة الفهرسة الأصلية: OSt
- وكالة الكتابة: OSt
151 ## - مدخل-- مصطلح تاريخي
- اسم جغرافي: Great Britain
- تفريع عام: Social conditions
- تقسيم فرعي تاريخي: 19th century.\\
670 ## - بيانات المصدر موجوده
- الاستشهاد بالمصدر: Work cat.: (OSt)1595: Arnold, Matthew, 1822-1888. 6851, Culture and anarchy /, 1990.
